Представление документа в формате RUSMARC

ПолеНазваниеЗначение
  Тип записи a
  Библиографический уровень m
001 Контрольный номер RU/REG73/CBS_GRAD/3cf951d7e7cc40a69455164b41fca8d6
005 Дата корректировки 20250529083807.2
010 Индекс ISBN __
9 Тираж 1000 экз.
100 Данные общей обработки __
a Данные общей обработки 20230928a2022####m##c0rusy0189 ca
101 Язык документа 0_
a Язык текста rus
102 Страна публикации __
a Страна публикации RU
110 Кодированные данные: продолжающиеся ресурсы __
a Кодированные данные продолжающихся ресурсов agazz 0yy0
200 Заглавие и сведения об ответственности 1_
a Заглавие № 3
203 Вид содержания и тип средства __
a Вид содержания Текст
b Характеристика содержания визуальный
c Тип средства непосредственный
210 Выходные данные 1_
d Дата издания 2022
461 Уровень набора _0
1 2001
a Мономах
e историко-краеведческий, культурно-просветительский журнал
f учредитель Правительство Ульяновской области
v № 3
1 2101
a Ульяновск
d 1994-
1 001RU/REG73/CBS_GRAD/7bed698c17914382bcd3dfa0d776977e
1 300
a Выходит 6 раз в год
1 333
a 12+
801 Источник записи _0
a Страна RU
b Организация RuCBSGrad
c Дата составления 20230928
g Правила каталогизации RCR
801 Источник записи _1
a Страна RU
b Организация RuCBSGrad
c Дата составления 20230928
g Правила каталогизации RCR
901 Тип документа __
t Тип документа s
w Контрольный № источника RU/REG73/CBS_GRAD/7bed698c17914382bcd3dfa0d776977e